00330nam a2200133Ia 45000030006000000080041000060400015000471000023000622450063000852500010001482600009001585460012001670050017001790STCL150530s9999 xx 000 0 und d aSTCLcSTCL aBernard Herber, P. aModern public finance the study of public sector economics aThird c1975 aEnglish20220125165539.0